Parent Guide and Index/ (Record no. 356036)
[ view plain ]
| 000 -LEADER | |
|---|---|
| fixed length control field | 00367nam a2200121Ia 4500 |
| 008 - FIXED-LENGTH DATA ELEMENTS--GENERAL INFORMATION | |
| fixed length control field | 180305s9999 xx 000 0 und d |
| 020 ## - INTERNATIONAL STANDARD BOOK NUMBER | |
| International Standard Book Number | 716660059 |
| 100 ## - MAIN ENTRY--PERSONAL NAME | |
| Personal name | Amos, Janine |
| 245 ## - TITLE STATEMENT | |
| Statement of responsibility, etc | Janine Amos, Gerry Baile, Jenifer Fellows, Andrew Langley, Josiphine Paker |
| Title | Parent Guide and Index/ |
| 260 ## - PUBLICATION, DISTRIBUTION, ETC. (IMPRINT) | |
| Place of publication, distribution, etc | UK |
| Name of publisher, distributor, etc | Childcraft |
| Date of publication, distribution, etc | 1990 |
| 300 ## - PHYSICAL DESCRIPTION | |
| Extent | 175 Pages |
| 440 ## - SERIES STATEMENT/ADDED ENTRY--TITLE | |
| Volume number/sequential designation | Vol 16 |
| Withdrawn status | Lost status | Damaged status | Home library | Current library | Shelving location | Date acquired | Source of acquisition | Total Checkouts | Full call number | Barcode | Date last seen | Price effective from | Koha item type |
|---|---|---|---|---|---|---|---|---|---|---|---|---|---|
| College Library | College Library | Reference Section | 03/05/2018 | PG 3410 .Am525 1990 vol.16 | c21286 | 05/15/2018 | 03/05/2018 | Books |